Cuentos espeluznantes
Colección de relatos de terror que giran en torno a la temática del espanto, es decir bajo las bases de lo fantástico y sobrenatural. Su autor Arthur Conan, nos presenta en esta obra seis cuentos escalofriantes.
Guardado en:
| Autor principal: | |
|---|---|
| Formato: | Libro |
| Lenguaje: | Undetermined |
| Publicado: |
Santiago, Chile
Andrés Bello
1966
|
| Edición: | Primera edición |
| Materias: | |
| Etiquetas: |
Agregar Etiqueta
Sin Etiquetas, Sea el primero en etiquetar este registro!
|
MARC
| LEADER | 00000nam a2200000Ia 4500 | ||
|---|---|---|---|
| 008 | 170316s9999 xx 000 0 und d | ||
| 040 | |a cru BVZT | ||
| 090 | |a 820 D-11c | ||
| 100 | |a Doyle, Arthur Conan |9 2386 | ||
| 245 | |a Cuentos espeluznantes | ||
| 250 | |a Primera edición | ||
| 260 | |a Santiago, Chile | ||
| 260 | |b Andrés Bello | ||
| 260 | |c 1966 | ||
| 300 | |a 139 páginas | ||
| 520 | |a Colección de relatos de terror que giran en torno a la temática del espanto, es decir bajo las bases de lo fantástico y sobrenatural. Su autor Arthur Conan, nos presenta en esta obra seis cuentos escalofriantes. | ||
| 650 | |a LITERATURA INGLESA |a LITERATURA FANTÁSTICA |a CUENTOS DE TERROR |9 12 | ||
| 942 | |c 15 D |h 820 D-11c |2 z |6 820_D11C | ||
| 999 | |c 6825 |d 6825 | ||
